| 000 | 00703cab a2200241 4500 | ||
|---|---|---|---|
| 001 | WB2947-04 | ||
| 008 | 090401t1993 xxu||||| |||| 00| 0 eng d | ||
| 035 | _a(Sirsi) u5283 | ||
| 041 | _aeng | ||
| 245 | _aMilitary buildings up for sale | ||
| 260 | _c1993 | ||
| 350 | _a0 | ||
| 490 |
_aTimes _v13 December 1993, 4(1) |
||
| 520 | _aA number of MoD military buildings are for sale as part of the defence cuts. Conservationists are concerned about the future of some of these famous sites. | ||
| 650 | _aBUILDING CONSERVATION | ||
| 650 | _aDEFENCE LANDS | ||
| 650 | _aMOD | ||
| 650 | _aPUBLIC BUILDINGS | ||
| 650 | _aSAVE | ||
| 690 | _aBUILT ENVIRONMENT | ||
| 942 | _n0 | ||
| 948 | _c04/03/1997 | ||
| 999 |
_c3147 _d3147 |
||